| 000 | 00522nam a2200157 i 4500 | ||
|---|---|---|---|
| 001 | 64000 | ||
| 003 | ES-MaACL | ||
| 007 | t| | ||
| 008 | 031219q1955 sp ||||1| spa d | ||
| 100 | 0 |
_aFisas, Carlos, _d1919-2010 _950966 |
|
| 245 | 1 | 0 |
_aQuirófano abierto _b: anécdotas y curiosidades sobre médicos, boticarios y enfermos / _cCarlos Fisas. |
| 260 |
_aBarcelona : _bAcervo, _c[1955?] ( _fDuplex) |
||
| 300 |
_a186 p. : _bil. ; _c19 cm. |
||
| 852 |
_aES-MaACL _jC-9831 _bR.37528 |
||
| 999 |
_c64000 _d64000 |
||